[Event "Sharjah Cup (Women) 12th"]
[Site "Sharjah"]
[Date "2022.12.09"]
[Round "1"]
[White "Fatima, Saif Al Ali"]
[Black "Benderac, Ana"]
[Result "0-1"]
[WhiteElo "1446"]
[BlackElo "2133"]
[PlyCount "66"]
[EventDate "2022.12.09"]
[EventType "swiss"]
[EventRounds "9"]
[EventCountry "UAE"]
[SourceTitle "CBM 211 Extra"]
[Source "ChessBase"]
[SourceDate "2023.01.31"]
[SourceVersion "1"]
[SourceVersionDate "2023.01.31"]
[SourceQuality "1"]

1. e4 d6 2. d4 c6 3. Nc3 b5 4. Bd3 e5 5. dxe5 dxe5 6. h3 Nd7 7. Nf3 Qc7 8. a3 Ngf6 9. b4 a5 10. Rb1 Be7 11. 0-0 0-0 12. Re1 Nb6 13. Be3 axb4 14. axb4 Na4 15. Nxa4 Rxa4 16. c3 Be6 17. Qc2 Rfa8 18. Qb2 Nd7 19. Ra1 f6 20. Rxa4 bxa4 21. Ra1 c5 22. Bb5 Rb8 23. Bxa4 cxb4 24. Bb3 Qc6 25. Bxe6+ Qxe6 26. cxb4 Rxb4 27. Qc2 Rc4 28. Qd3 Nc5 29. Bxc5 Rxc5 30. Ra6 Rc6 31. Ra8+ Rc8 32. Ra6 Qc4 33. Ra3 Qc1+ 0-1

[Event "Asia-ch Amateur (Women)"]
[Site "Muscat"]
[Date "2022.10.05"]
[Round "9"]
[White "Fatima, Saif Al Ali"]
[Black "Al Kalbani, Wadima"]
[Result "0-1"]
[WhiteElo "1595"]
[BlackElo "1554"]
[PlyCount "58"]
[EventDate "2022.09.29"]
[EventType "swiss"]
[EventRounds "9"]
[EventCountry "OMN"]
[SourceTitle "CBM 210 Extra"]
[Source "ChessBase"]
[SourceDate "2022.11.30"]
[SourceVersion "1"]
[SourceVersionDate "2022.11.30"]
[SourceQuality "1"]

1. e4 e5 2. Nf3 Nc6 3. Bb5 a6 4. Ba4 Nf6 5. d3 d6 6. c3 Bd7 7. Nbd2 g6 8. d4 exd4 9. cxd4 Bg7 10. 0-0 0-0 11. Re1 Re8 12. a3 b5 13. Bb3 Na5 14. Ba2 c5 15. b4 cxb4 16. axb4 Nc6 17. Qb3 Qe7 18. Bb2 h6 19. e5 dxe5 20. Nxe5 Nxe5 21. Rxe5 Be6 22. Qa3 Ng4 23. Re2 Qd6 24. Nf3 Bxa2 25. Rxe8+ Rxe8 26. Rxa2 Bxd4 27. Bxd4 Qxd4 28. h3 Qd1+ 29. Ne1 Qxe1# 0-1

[Event "Asia-ch Amateur (Women)"]
[Site "Muscat"]
[Date "2022.09.30"]
[Round "2"]
[White "Anoud, Eisa Bashkardi"]
[Black "Fatima, Saif Al Ali"]
[Result "1-0"]
[WhiteElo "1277"]
[BlackElo "1595"]
[PlyCount "74"]
[EventDate "2022.09.29"]
[EventType "swiss"]
[EventRounds "9"]
[EventCountry "OMN"]
[SourceTitle "CBM 210 Extra"]
[Source "ChessBase"]
[SourceDate "2022.11.30"]
[SourceVersion "1"]
[SourceVersionDate "2022.11.30"]
[SourceQuality "1"]

1. e4 c6 2. d4 d5 3. exd5 cxd5 4. Bd3 Nc6 5. c3 Nf6 6. Nf3 g6 7. 0-0 Bg7 8. h3 0-0 9. Bf4 e6 10. Nbd2 a6 11. a4 b6 12. Re1 Bb7 13. Ne5 Nh5 14. Nxc6 Bxc6 15. Bh2 b5 16. axb5 axb5 17. Qb3 Qd7 18. Nf3 Qb7 19. g4 Nf6 20. Ne5 Be8 21. Rxa8 Qxa8 22. Nf3 Qa4 23. Qxa4 bxa4 24. Bd6 Nd7 25. Bxf8 Bxf8 26. Bb5 Ne5 27. Nxe5 Bxb5 28. Nf3 Bd6 29. Nd2 Bf4 30. Nb1 Bc4 31. Na3 Ba6 32. Kg2 Bd2 33. Rd1 Bf4 34. Kf3 g5 35. b4 axb3 36. Rb1 Bc4 37. Nxc4 dxc4 1-0

[Event "Sharjah Blitz op 27th"]
[Site "Sharjah"]
[Date "2022.04.08"]
[Round "6"]
[White "Rowe, Duane"]
[Black "Fatima, Saif Al Ali"]
[Result "1-0"]
[WhiteElo "2030"]
[BlackElo "1474"]
[PlyCount "45"]
[EventDate "2022.04.08"]
[EventType "swiss (blitz)"]
[EventRounds "9"]
[EventCountry "UAE"]
[SourceTitle "CBM 207 Extra"]
[Source "ChessBase"]
[SourceDate "2022.05.31"]
[SourceVersion "1"]
[SourceVersionDate "2022.05.31"]
[SourceQuality "1"]

1. e4 c6 2. d4 d5 3. exd5 cxd5 4. c4 Nf6 5. Nc3 e6 6. Nf3 Bb4 7. Ne5 0-0 8. a3 Be7 9. c5 Nc6 10. Nxc6 bxc6 11. Bf4 Nd7 12. Qh5 Nf6 13. Qf3 Qa5 14. Bd3 Qd8 15. 0-0 a5 16. b4 Ba6 17. b5 cxb5 18. Nxb5 Qd7 19. a4 Qc6 20. Rfe1 Rac8 21. Rab1 Rfd8 22. Na7 Ra8 23. Nxc6 1-0

[Event "Asian Online (Women)"]
[Site "Tornelo INT"]
[Date "2021.08.25"]
[Round "8"]
[White "Fatima, Saif Al Ali"]
[Black "Sultana, Sharmin Shirin"]
[Result "1-0"]
[WhiteElo "1352"]
[BlackElo "2011"]
[PlyCount "57"]
[EventDate "2021.08.23"]
[EventType "swiss (rapid)"]
[EventRounds "9"]
[EventCountry "NET"]
[SourceTitle "CBM 204 Extra"]
[Source "ChessBase"]
[SourceDate "2021.11.30"]
[SourceVersion "1"]
[SourceVersionDate "2021.11.30"]
[SourceQuality "1"]

1. e4 c5 2. Nf3 e6 3. d4 cxd4 4. Nxd4 Nc6 5. Nxc6 bxc6 6. Bd3 Nf6 7. Nd2 Qc7 8. 0-0 d5 9. Qe2 Bd6 10. h3 0-0 11. b3 Bb7 12. Bb2 e5 13. Rfe1 Rfe8 14. Rad1 a5 15. a4 Rad8 16. Nf3 Nh5 17. g3 g6 18. exd5 e4 19. Bc4 Nxg3 20. Qd2 Nf5 21. Qc3 f6 22. dxc6+ Kh8 23. Qxf6+ Ng7 24. cxb7 exf3 25. Rxe8+ Rxe8 26. Qxd6 Qxb7 27. Qd7 Re1+ 28. Kh2 Qb8+ 29. Qd6 1-0

[Event "Asian Online (Women)"]
[Site "Tornelo INT"]
[Date "2021.08.24"]
[Round "5"]
[White "Savitha Shri, B."]
[Black "Fatima, Saif Al Ali"]
[Result "1-0"]
[WhiteElo "2281"]
[BlackElo "1352"]
[PlyCount "119"]
[EventDate "2021.08.23"]
[EventType "swiss (rapid)"]
[EventRounds "9"]
[EventCountry "NET"]
[SourceTitle "CBM 204 Extra"]
[Source "ChessBase"]
[SourceDate "2021.11.30"]
[SourceVersion "1"]
[SourceVersionDate "2021.11.30"]
[SourceQuality "1"]

1. e4 c6 2. d4 d5 3. Nc3 dxe4 4. Nxe4 Nf6 5. Nxf6+ exf6 6. c3 Bd6 7. Bd3 0-0 8. Qc2 Re8+ 9. Ne2 h6 10. 0-0 Qc7 11. h3 Be6 12. Be3 Nd7 13. c4 Qc8 14. Rac1 Nf8 15. Nf4 Bd7 16. Qd2 c5 17. Nd5 cxd4 18. Bxd4 Be5 19. Bb1 Bxd4 20. Qxd4 Ne6 21. Qd3 Nf8 22. Rfe1 Ng6 23. h4 Be6 24. h5 Nf8 25. Nf4 Bg4 26. Qg3 Rxe1+ 27. Rxe1 Be6 28. Qd3 Qxc4 29. Qxc4 Bxc4 30. b3 Be6 31. Be4 Rb8 32. Rc1 b6 33. Rc7 a5 34. Ra7 Nh7 35. Bxh7+ Kxh7 36. Re7 Bf5 37. Rxf7 Rc8 38. Nd5 Be6 39. Nxf6+ Kh8 40. Re7 Bxb3 41. axb3 gxf6 42. Re6 Rc5 43. Rxf6 Rxh5 44. Rxb6 Kg7 45. f3 Rc5 46. Kh2 Rh5+ 47. Kg3 Rg5+ 48. Kf2 Rc5 49. Ke3 Rc2 50. g4 Rc3+ 51. Ke4 Rc1 52. Rb5 Rc3 53. f4 Rg3 54. Kf5 Rc3 55. Rb7+ Kh8 56. Kg6 Rc6+ 57. Kh5 Kg8 58. f5 Kf8 59. Ra7 Kg8 60. Rxa5 1-0

[Event "Asian Online (Women)"]
[Site "Tornelo INT"]
[Date "2021.08.23"]
[Round "1"]
[White "Fronda Pascua, Jan Jodilyn"]
[Black "Fatima, Saif Al Ali"]
[Result "1-0"]
[WhiteElo "2152"]
[BlackElo "1352"]
[PlyCount "43"]
[EventDate "2021.08.23"]
[EventType "swiss (rapid)"]
[EventRounds "9"]
[EventCountry "NET"]
[SourceTitle "CBM 204 Extra"]
[Source "ChessBase"]
[SourceDate "2021.11.30"]
[SourceVersion "1"]
[SourceVersionDate "2021.11.30"]
[SourceQuality "1"]

1. e4 c6 2. d4 d5 3. Nc3 dxe4 4. Nxe4 Nf6 5. Nxf6+ exf6 6. c3 Bd6 7. Bd3 0-0 8. Qc2 Re8+ 9. Ne2 h6 10. 0-0 Qc7 11. h3 Be6 12. b3 Nd7 13. Bb2 Nf8 14. c4 Qd7 15. f4 Qc8 16. Rae1 c5 17. d5 Bd7 18. Rf3 Kh8 19. Ref1 Ng6 20. Ng3 Nh4 21. R3f2 Re5 22. fxe5 1-0

[Event "Asia Nations online Cup (Women)"]
[Site "Chess.com INT"]
[Date "2020.10.11"]
[Round "3.10"]
[White "Ali Khan, Amani"]
[Black "Fatima, Saif Al Ali"]
[Result "0-1"]
[WhiteElo "1212"]
[BlackElo "1354"]
[PlyCount "68"]
[EventDate "2020.10.11"]
[EventType "team-swiss (rapid)"]
[EventRounds "9"]
[EventCountry "IND"]
[SourceTitle "CBM 198 Extra"]
[Source "ChessBase"]
[SourceDate "2020.11.30"]
[SourceVersion "1"]
[SourceVersionDate "2020.11.30"]
[SourceQuality "1"]
[WhiteTeam "Lebanon (W)"]
[BlackTeam "United Arab Emirates (W)"]
[WhiteTeamCountry "LBN"]
[BlackTeamCountry "UAE"]

1. e4 c6 2. Nf3 d5 3. exd5 cxd5 4. d4 Nf6 5. Nc3 Nc6 6. Be3 g6 7. Qd2 Bg7 8. 0-0-0 a6 9. h4 b5 10. Kb1 0-0 11. Bh6 b4 12. Ne2 Ne4 13. Qe3 Nxf2 14. Bxg7 Nxd1 15. Qh6 f6 16. Bxf8 Qxf8 17. Qf4 Nf2 18. Rh2 a5 19. Nd2 a4 20. Qxf2 b3 21. cxb3 axb3 22. Nxb3 Bf5+ 23. Ka1 Nb4 24. Nc3 Nc2+ 25. Kb1 Nxd4+ 26. Kc1 Qh6+ 27. Nd2 Nb3+ 28. Kd1 Bg4+ 29. Ke1 e5 30. Nxb3 d4 31. Bc4+ Kg7 32. Ne2 Rxa2 33. Ng3 Ra1+ 34. Nxa1 Qc1# 0-1

[Event "Asia Nations online Cup (Women)"]
[Site "Chess.com INT"]
[Date "2020.10.11"]
[Round "1.7"]
[White "Mendoza, Shania Mae"]
[Black "Fatima, Saif Al Ali"]
[Result "1-0"]
[WhiteElo "2158"]
[BlackElo "1354"]
[PlyCount "135"]
[EventDate "2020.10.11"]
[EventType "team-swiss (rapid)"]
[EventRounds "9"]
[EventCountry "IND"]
[SourceTitle "CBM 198 Extra"]
[Source "ChessBase"]
[SourceDate "2020.11.30"]
[SourceVersion "1"]
[SourceVersionDate "2020.11.30"]
[SourceQuality "1"]
[WhiteTeam "Philippines (W)"]
[BlackTeam "United Arab Emirates (W)"]
[WhiteTeamCountry "PHI"]
[BlackTeamCountry "UAE"]

1. e4 c6 2. Nc3 d5 3. Nf3 Bg4 4. h3 Bxf3 5. Qxf3 e6 6. d3 g6 7. Bd2 Bg7 8. Qg3 Ne7 9. f4 Qc7 10. 0-0-0 0-0 11. Qf3 b5 12. g4 a5 13. f5 exf5 14. gxf5 Nd7 15. Bg2 b4 16. Ne2 Qe5 17. d4 dxe4 18. Qxe4 Qxe4 19. Bxe4 Nf6 20. Bf3 Nxf5 21. Bxc6 Rac8 22. Bf3 Nd6 23. Kb1 Nfe4 24. Bf4 Rfe8 25. Rhf1 Nb5 26. Be5 Bxe5 27. Bxe4 Bg7 28. Bd3 Nd6 29. h4 a4 30. h5 b3 31. c3 bxa2+ 32. Kxa2 Nc4 33. hxg6 fxg6 34. Rh1 Ne3 35. Rdg1 Rb8 36. Rh3 Re7 37. Nf4 Reb7 38. Rh2 Rb3 39. Re2 Nf5 40. Bc4+ Kh8 41. Bxb3 axb3+ 42. Kb1 Ra8 43. Ne6 Bh6 44. Rh1 Be3 45. Rd1 Bh6 46. d5 Ne3 47. Rh1 Nc2 48. Rxc2 bxc2+ 49. Kxc2 Be3 50. d6 Bb6 51. d7 Kg8 52. Rf1 h6 53. c4 g5 54. c5 g4 55. cxb6 g3 56. d8Q+ Rxd8 57. Nxd8 g2 58. Rg1 Kf8 59. Rxg2 Ke8 60. Rd2 h5 61. b7 h4 62. b8Q h3 63. Qe5+ Kf8 64. Rf2+ Kg8 65. Qg5+ Kh8 66. Rf8+ Kh7 67. Rf7+ Kh8 68. Qg7# 1-0

[Event "Online Olym Div3 B"]
[Site "Chess.com INT"]
[Date "2020.08.09"]
[Round "8.1"]
[White "Fatima, Saif Al Ali"]
[Black "Espinosa Cancino, Monica"]
[Result "1-0"]
[WhiteElo "1354"]
[BlackElo "1666"]
[PlyCount "59"]
[EventDate "2020.08.07"]
[EventType "team-tourn (rapid)"]
[EventRounds "9"]
[EventCountry "USA"]
[SourceTitle "CBM 198"]
[Source "ChessBase"]
[SourceDate "2020.10.31"]
[SourceVersion "1"]
[SourceVersionDate "2020.10.31"]
[SourceQuality "1"]
[WhiteTeam "United Arab Emirates"]
[BlackTeam "Scotland"]
[WhiteTeamCountry "UAE"]
[BlackTeamCountry "SCO"]

1. e4 c5 2. Nf3 d6 3. d4 cxd4 4. Nxd4 Nf6 5. Nc3 a6 6. f3 e6 7. Be3 Be7 8. Qd2 0-0 9. 0-0-0 Nbd7 10. g4 Ne5 11. h4 b5 12. h5 Bd7 13. g5 Ne8 14. g6 b4 15. gxh7+ Kxh7 16. Nb1 Nc6 17. Nxc6 Bxc6 18. Qxb4 Rb8 19. Qd2 Bf6 20. Nc3 d5 21. Bd4 e5 22. Bc5 d4 23. Ne2 Rg8 24. Bh3 Bg5 25. Bf5+ Kh8 26. f4 exf4 27. Nxf4 Bh6 28. Bxd4 Qc7 29. Ng6+ fxg6 30. Qxh6# 1-0

[Event "Western Asia-ch U14 Girls"]
[Site "Delhi"]
[Date "2019.09.07"]
[Round "3"]
[White "Bobomurodova, Maftuna"]
[Black "Fatima, Saif Al Ali"]
[Result "1-0"]
[WhiteElo "1744"]
[BlackElo "1420"]
[PlyCount "103"]
[EventDate "2019.09.06"]
[EventType "swiss"]
[EventRounds "9"]
[EventCountry "IND"]
[SourceTitle "CBM 192 Extra"]
[Source "Chessbase"]
[SourceDate "2019.11.06"]
[SourceVersion "1"]
[SourceVersionDate "2019.11.06"]
[SourceQuality "1"]

1. e4 c6 2. d4 d5 3. exd5 cxd5 4. Bd3 Nc6 5. c3 Nf6 6. Bf4 g6 7. Nf3 Nh5 8. Be3 Qc7 9. 0-0 Bg7 10. h3 0-0 11. Qc1 Re8 12. g4 Nf6 13. Bf4 Qd8 14. Re1 a6 15. Nbd2 b6 16. Ne5 Nxe5 17. Bxe5 h5 18. g5 Nh7 19. h4 Qd7 20. Bg3 Nf8 21. Nf3 Ne6 22. Ne5 Qb7 23. Qe3 Bh8 24. Nxg6 fxg6 25. Bxg6 Rf8 26. Qd3 Bg7 27. Bxh5 Nf4 28. Bxf4 Rxf4 29. Qg3 Rf8 30. Bf3 Qd7 31. h5 Qf5 32. Bg2 e6 33. h6 Bh8 34. Bf1 Qf4 35. Re3 Rf5 36. Qxf4 Rxf4 37. Bd3 Bd7 38. g6 Bf6 39. Rg3 Bh4 40. Rg2 Rf6 41. Rf1 a5 42. Rg4 Bxf2+ 43. Rxf2 Rxf2 44. Kxf2 Rf8+ 45. Kg3 Rf6 46. Rf4 Rxf4 47. Kxf4 a4 48. a3 b5 49. Ke5 Bc8 50. Kf6 Bd7 51. g7 Be8 52. h7# 1-0

[Event "UAE President Cup U14 Girls"]
[Site "Ajman"]
[Date "2019.01.04"]
[Round "3"]
[White "Rayan, Mohammad Ali Hassan"]
[Black "Fatima, Saif Al Ali"]
[Result "1-0"]
[WhiteElo "1213"]
[BlackElo "1358"]
[PlyCount "97"]
[EventDate "2019.01.02"]
[EventType "swiss"]
[EventRounds "9"]
[EventCountry "UAE"]
[SourceTitle "CBM 188 Extra"]
[Source "ChessBase"]
[SourceDate "2019.02.26"]
[SourceVersion "1"]
[SourceVersionDate "2019.02.26"]
[SourceQuality "1"]

1. e4 c6 2. d4 d5 3. Nc3 dxe4 4. Nxe4 Nf6 5. Nxf6+ exf6 6. c3 Bd6 7. Bd3 0-0 8. Qc2 Re8+ 9. Ne2 h6 10. Be3 Be6 11. Qd2 Nd7 12. 0-0 Qc7 13. h3 Nf8 14. Nf4 Bxf4 15. Bxf4 Qd7 16. Qc2 Rad8 17. Rad1 Qd5 18. a3 b5 19. Rfe1 Qb3 20. Qc1 Bd5 21. Bc2 Qc4 22. b3 Qxc3 23. Bh7+ Nxh7 24. Qxc3 Kf8 25. Rxe8+ Rxe8 26. Re1 Rd8 27. Bc7 Rc8 28. Bd6+ Kg8 29. Bc5 a6 30. b4 Ng5 31. Qg3 Ne6 32. Rxe6 Bxe6 33. Qd6 Kh8 34. h4 Kg8 35. f3 Kh8 36. g4 Kg8 37. g5 fxg5 38. hxg5 h5 39. g6 Bd5 40. gxf7+ Bxf7 41. Qd7 Re8 42. Kf2 Re6 43. Qd8+ Kh7 44. Qh4 Re8 45. Qg5 Kg8 46. Bb6 Re6 47. Bc7 Rg6 48. Qd8+ Kh7 49. Be5 1-0

[Event "UAE President Cup U14 Girls"]
[Site "Ajman"]
[Date "2019.01.03"]
[Round "2"]
[White "Fatima, Saif Al Ali"]
[Black "Hala, Gamal Amin"]
[Result "1-0"]
[WhiteElo "1358"]
[BlackElo "1146"]
[PlyCount "79"]
[EventDate "2019.01.02"]
[EventType "swiss"]
[EventRounds "9"]
[EventCountry "UAE"]
[SourceTitle "CBM 188 Extra"]
[Source "ChessBase"]
[SourceDate "2019.02.26"]
[SourceVersion "1"]
[SourceVersionDate "2019.02.26"]
[SourceQuality "1"]

1. e4 e5 2. Nf3 Nc6 3. Nc3 Nf6 4. Bb5 Bb4 5. d3 Bxc3+ 6. bxc3 d6 7. 0-0 0-0 8. Bg5 Bg4 9. Rb1 Qe7 10. Bxc6 bxc6 11. h3 Be6 12. Rb2 Rab8 13. Qb1 Rxb2 14. Qxb2 h6 15. Be3 a6 16. Qb7 Bxa2 17. Qxa6 Be6 18. Qxc6 Rd8 19. Rb1 Qd7 20. Qxd7 Rxd7 21. Kf1 Kh7 22. Ke2 c5 23. Nd2 Ba2 24. Rb2 Ra7 25. f4 exf4 26. Bxf4 Ra6 27. Bxd6 c4 28. d4 Rxd6 29. Rxa2 Re6 30. Kf3 h5 31. Ra4 g5 32. Rxc4 g4+ 33. hxg4 Nxe4 34. Nxe4 hxg4+ 35. Kf4 f6 36. Kf5 Re7 37. d5 Kg7 38. d6 Rd7 39. Rc7 Rxc7 40. dxc7 1-0

[Event "Sharjah Cup (Women) 9th"]
[Site "Sharjah"]
[Date "2018.12.17"]
[Round "5"]
[White "Samaganova, Alexandra"]
[Black "Fatima, Saif Al Ali"]
[Result "1-0"]
[WhiteElo "2038"]
[BlackElo "1200"]
[PlyCount "70"]
[EventDate "2018.12.14"]
[EventType "swiss"]
[EventRounds "9"]
[EventCountry "UAE"]
[SourceTitle "CBM 187 Extra"]
[Source "ChessBase"]
[SourceDate "2018.11.04"]
[SourceVersion "1"]
[SourceVersionDate "2018.11.04"]
[SourceQuality "1"]

1. c4 e6 2. Nc3 d5 3. d4 Nf6 4. Bg5 Be7 5. cxd5 exd5 6. e3 h6 7. Bh4 0-0 8. Bd3 b6 9. Nf3 Bb7 10. Qc2 c5 11. 0-0 Nc6 12. a3 Rc8 13. Bf5 Rb8 14. dxc5 bxc5 15. Rfd1 Qb6 16. Na4 Qc7 17. Bg3 Bd6 18. Bxd6 Qxd6 19. Nxc5 Ne7 20. Nxb7 Rxb7 21. Nd4 Rfb8 22. b4 a5 23. b5 Rc7 24. Qd2 Nxf5 25. Nxf5 Qe5 26. Nd4 Ng4 27. Nf3 Qe8 28. a4 Nf6 29. Qxa5 Rcc8 30. Nd4 Rc5 31. h3 Ne4 32. Qe1 Qc8 33. Nc6 Ra8 34. Ne7+ Kh8 35. Nxc8 Raxc8 1-0